| 000 | 01058cam a22003617a 4500 | ||
|---|---|---|---|
| 003 | CHAP | ||
| 005 | 20220817043915.0 | ||
| 008 | 030910d2003 it a r 00110 spa d | ||
| 010 | _a87674 | ||
| 011 | _a88646 | ||
| 020 | _a9253042834 | ||
| 035 | _a99191 | ||
| 040 | _cCHAP | ||
| 082 | 0 | 4 |
_a333 _bF43Y |
| 110 | 0 | 0 | _aFAO |
| 245 | 1 | 0 |
_aTesauro plurilingue de tierras _c/ed. por Gerard Ciparisse |
| 260 |
_aRoma : _bFAO, _c2003. |
||
| 300 |
_a297 p. : _bilus. |
||
| 590 |
_aBATCH-UPD _b10 _c20130110 _lUCH01 _h0557 |
||
| 590 |
_aBATCH-UPD _b10 _c20130410 _lUCH01 _h0238 |
||
| 590 |
_aBATCH-UPD _b10 _c20130914 _lUCH01 _h0203 |
||
| 590 |
_aCONVERSION _b10 _c20130109 _lUCH01 _h1349 |
||
| 650 | 1 | 4 |
_aAlimentos _xAbastecimiento. |
| 650 | 1 | 4 |
_aDesarrollo rural. _932067 |
| 650 | 1 | 4 |
_aPobreza. _989463 |
| 650 | 1 | 4 |
_aTesauros. _9112457 |
| 650 | 1 | 4 |
_aTierras _xTenencia. _9113130 |
| 700 | 0 | 0 |
_aCiparisse, Gérard. _923340 |
| 901 | _aBK | ||
| 905 | _aAlejandra Carrasco M. | ||
| 942 | _cLIBRO | ||
| 949 |
_a333 F43Y _bBC _cFAO _d33724000911459 _eFAO1 _h103949 _i99191 _sb |
||
| 999 |
_c87674 _d87674 |
||